Anime from akira to howl's moving castle : experiencing contemporary Japanese animation /

Bibliographic Details
Main Author: Napier, Susan Jolliffe
Format: Book
Language:English
Published: New York : Palgrave Macmillan, 2005.
Edition:First st. martin's griffin edition.
Subjects:
Classic Catalogue: View this record in Classic Catalogue
LEADER 01754nam a22003854a 4500
001 45746
003 BD-DhAAL
005 20260512142431.0
008 260512t2005 nyuaf b 001 0 eng
010 |a  2005054743 
020 |a 9781403970527 
020 |a 1403970513 
020 |a 1403970521 
020 |a 9781403970510 
020 |a 9781403970527 
035 |a 14109124 
035 |a (OCoLC)61687965 
040 |a DLC  |c DLC  |d BAKER  |d C#P  |d VP@  |d DLC  |d BD-DhAAL 
042 |a pcc 
043 |a a-ja--- 
050 0 0 |a NC1766.J3  |b N36 2005 
082 0 0 |a 791.43340952  |2 22 
100 1 |a Napier, Susan Jolliffe.  |9 60672 
245 1 0 |a Anime from akira to howl's moving castle :  |b experiencing contemporary Japanese animation /  |c Susan J. Napier. 
250 |a First st. martin's griffin edition. 
260 |a New York :  |b Palgrave Macmillan,  |c 2005. 
300 |a xviii, 355 p., [16] p. of plates :  |b col. illustrations ;  |c 22 cm 
504 |a Includes bibliographical references (p. [333]-342) and index. 
526 8 |a AAL 
541 1 |a Donated by Embassy of Japan in Bangladesh, Read Japan Project 2025, The Tokyo Foundation, supported by The Nippon Foundation.  |e 45746 
650 0 |a Animated films  |z Japan.  |9 60673 
852 1 |a Ayesha Abed Library  |c General Stacks 
942 |2 ddc  |c BK 
999 |c 47931  |d 47931 
952 |0 0  |1 0  |2 ddc  |4 0  |6 791_433409520000000_NAP  |7 0  |9 79188  |a BRACUL  |b BRACUL  |d 2026-05-12  |e Donated by Embassy of Japan in Bangladesh, Read Japan Project 2025, The Tokyo Foundation, supported by The Nippon Foundation.  |l 0  |o 791.43340952 NAP  |p 3010045746  |r 2026-05-12  |t 1  |w 2026-05-12  |y BK  |x Donated copy received from Embassy of Japan in Bangladesh, Read Japan Project 2025, The Tokyo Foundation, supported by The Nippon Foundation on 08 April 2026; $32.50